000 00544nam a22002057a 4500
003 MPLRDC
005 20220104201220.0
008 210129b ||||| |||| 00| 0 eng d
020 _a978-986-7135-91-9
082 _a857.75 JZ-3
100 _a橘子
245 _a对不起,我爱你
_c
250 _a初版一刷
260 _a台湾
_b春天出版国际文化有限公司
_c2006
300 _b
490 _a橘子作品: 08
520 _a上架 2017-09-02。
650 _a中国文学--长篇小说
942 _cBK
_o857.75 JZ-3
999 _c67066
_d67056